000 00614cam a22002293a 4500
001 8554
003 PGUSA
005 20140828083201.0
008 050701s2005||||xxu|||||s|||||000 | eng d
040 _aPGUSA
_beng
042 _adc
050 4 _aBF
100 1 _aWalton, George Lincoln,
_d1854-1941
245 1 0 _aWhy Worry?
_h[electronic resource] /
_cGeorge Lincoln Walton
260 _bProject Gutenberg,
_c2005
506 _aPublic domain in the USA.
516 _aElectronic text
653 _aWorry
830 0 _aProject Gutenberg
_v8554
856 4 0 _uhttp://www.gutenberg.org/ebooks/8554
942 _cEB
999 _c237854
_d237854